00668nai a2200169Ia 4500003000900000008004100009022002200050022002300072040001600095245005200111260008600163310001400249362003000263521006900293650004600362856009000408IN-BaIIA211028c9999 xx s 000 0 eng d a0018-9324 (Print) a2374-9555 (Online) cIIA Library 0aIEEE Transactions on Circuit Theoryh[eJournal] aNew York, USAbThe Institute of Electrical and Electronics Engineers, Inc. (IEEE) aBimonthly a10(1); 1963 - 20(6); 1973 bSubscribed through National Knowledge Resource Consortium (NKRC) aComponents, Circuits, Devices and Systems uhttps://ieeexplore.ieee.org/servlet/opac?punumber=8147yClick Here to Access eJournal